To je normálne

Bibliographic Details
Main Author: Šmakal, Pavel, 1948- (Author)
Format: Article
Language:Slovak
Subjects:

MARC

LEADER 00000nab a2200000 a 4500
001 vtls000264332
003 SK-MaSNL
005 20260302214013.0
008 160201c1986 xo 0 slo
015 |a SNBRB19rr/mm-uuuuu 
035 |a CL0274446 
040 |a SNKBUCL  |b slo  |c SNKBUCL  |e AACR2 
041 0 |a slo 
044 |a xo  |c SK 
080 |a 885.0-7  |2 1981 
100 1 |a Šmakal, Pavel,  |d 1948-  |4 aut  |9 110410 
245 1 0 |a To je normálne  |c Pavel Šmakal 
650 0 7 |a humoresky  |2 snkbucl  |9 73390 
655 7 |a články z novín a časopisov  |2 snkbucl  |9 267496 
655 7 |a články z odboru literárna veda a krásna literatúra  |2 snkbucl  |9 770045 
773 0 |t Roháč  |g Roč. 39, č. 50 (1986), s. 10 
850 |a Slovenská národná knižnica v Martine  |a MTA001 
852 |a SNK  |b KIS3GCP 
958 |a RK 
958 |a CZ 
958 |a LX 
992 |a RBX 
999 |c 1495915  |d 1497845